Sanat - "Sillanpään marssilaulu" - Statistics

Yleistilastot
  • Tätä visaa on pelattu 28 kertaa
  • Keskiarvotulos 69 / 101
Vastaustilastot
Vastaus % Oikein
on
100%
te
100%
ja
94%
kaiku
94%
aina
88%
askelten
88%
Hangosta
88%
isät
88%
katsovat
88%
Kotikontujen
88%
laulumme
88%
maan
88%
mullasta
88%
Petsamoon
88%
poikiaan
88%
Sama
88%
sen
88%
tämä
88%
tervehtien
88%
yli
88%
kaikukoon
81%
kun
81%
kyllä
81%
me
81%
peltojen
81%
tienoita
81%
tuntee
81%
tunturien
81%
niin
75%
vaistomme
75%
vetten
75%
äidit
69%
jo
69%
kätköistä
69%
kauan
69%
morsiamet
69%
Sinä
69%
toi
69%
veikko
69%
vierelläin
69%
kumpujen
63%
lies
63%
mies
63%
nyt
63%
pystyssä
63%
tänne
63%
teillä
63%
tiedäthän
63%
ykskin
63%
alttiina
56%
kuinka
56%
lapset
56%
mikä
56%
mun
56%
poikasten
56%
retkemme
56%
riensimme
56%
taattojen
56%
vaaralle
56%
vanhukset
56%
aarteita
50%
jäädä
50%
kutsu
50%
saa
50%
Siis
50%
soi
50%
Suomessa
50%
syntymämaa
50%
Tapa
50%
tuttu
50%
yhteinen
50%
hoidossa
44%
ilomielin
44%
joka
44%
kaatua
44%
kallehin
44%
miehellä
44%
missä
44%
Mitä
44%
oikeus
44%
seistä
44%
sinnepäin
44%
suojattu
44%
toki
44%
vapaus
44%
kotiaskareet
38%
suorana
38%
tääll
38%
lieneekin
25%
Ehtoja vastaavia visoja ei löytynyt
Tulosjakauma
Jokaisen tuloksen saaneiden osuus
Persentiili vastausten määrän mukaan
Tuloshistoriasi
Et ole pelannut tätä visaa